| 000 | 02577nam0a2200373 4500 | ||
|---|---|---|---|
| 001 | RU\NLR\BIBL_A\011935339 | ||
| 005 | 20220729084912.0 | ||
| 010 |
_a978-5-9293-2142-9 _949 |
||
| 021 |
_aRU _bКН-П-18-7542 _9КН-П-18-104054 |
||
| 035 | _a(NLR Aleph) 011935339 | ||
| 035 | _a(RuMoRGB)009857612 | ||
| 090 |
_a11061709 _c11061709 |
||
| 100 | _a20190212d2018 k y0rusy50 ca | ||
| 101 | 0 |
_arus _deng |
|
| 102 | _aRU | ||
| 105 | _ay z 1 zy | ||
| 200 | 1 |
_aРоссия - Китай: развитие регионального сотрудничества в XXI веке _eXVI Международная научно-практическая конференция, 27 апреля 2018 г., г. Чита _fМинистерство образования и науки Российской Федерации, Федеральное государственное бюджетное образовательное учреждение высшего образования "Забайкальский государственный университет" _g[отв. ред.: Ц. С. Дондоков] |
|
| 210 |
_aЧита _cЗабайкальский государственный университет _d2018 |
||
| 215 |
_a166 с. _d21 |
||
| 300 | _aРез. англ. | ||
| 320 | _aБиблиогр. в конце ст. | ||
| 607 |
_aРоссийская Федерация _xВзаимоотношения _yКитайская Народная Республика _z21 в. _jСъезды, совещания и т.п _2nlr_sh2 _3RU\NLR\AUTH\661489276 |
||
| 607 |
_aКитайская Народная Республика _xВзаимоотношения _yРоссийская Федерация _z21 в. _jСъезды, совещания и т.п _2nlr_sh2 _3RU\NLR\AUTH\661489277 |
||
| 686 | 1 | _aТ3(2)74-64(5Кит)я431 | |
| 686 | 1 | _aТ3(5Кит)72-64(2)я431 | |
| 702 | 1 |
_aДондоков _bЦ. С. _gЦырен Сономович _4340 |
|
| 711 | 1 | 2 |
_a"Россия - Китай: развитие регионального сотрудничества в XXI веке", международная научно-практическая конференция _d16 _f2018 _eЧита _3RU\NLR\AUTH\880495437 |
| 712 | 0 | 2 |
_aЗабайкальский государственный университет _cЧита _3RU\NLR\AUTH\8810203600 _4475 |
| 942 | _cBOOK | ||
| 980 | _aNBR | ||
| 980 | _aNB | ||